| Поле | Инд. | ПП | Название | Значение |
|---|---|---|---|---|
| Тип записи | a | |||
| Библиографический уровень | m | |||
| 001 | Контрольный номер | DU/622219492 | ||
| 005 | Дата корректировки | 20251212154407.6 | ||
| 020 | a | ISBN | 978-5-91103-432-0 | |
| 084 | a | Индекс другой классификации/Индекс ББК | 85.10г | |
| 090 | a | Полочн. индекс | 85.10г | |
| x | Авторский знак | С 62 | ||
| 100 | 1_ | a | Автор | Сонтаг С. |
| q | Полное имя | Сонтаг Сьюзен | ||
| u | Дополнение к имени | Sontag S. | ||
| 245 | 10 | a | Заглавие | Образцы безоглядной воли |
| c | Ответственность | перевод Б. Дубина, Н. Кротовская, В. С. Кулагина-Ярцева | ||
| 260 | b | Издательство | Ad Marginem | |
| a | Место издания | Москва | ||
| c | Дата издания | 2018 | ||
| 300 | a | Объем | 312 с. | |
| 336 | a | Термин вида содержания | Текст | |
| 337 | a | Термин типа средства | непосредственный | |
| 500 | a | Примечание | Данное издание осуществлено в рамках совместной издательской программы Музея современного искусства «Гараж» и ООО «Ад Маргинем Пресс» | |
| 520 | 0_ | a | Аннотация | В настоящий сборник вошли тексты об искусстве, литературе, кино и политике, по праву считающиеся наиболее яркими примерами критической мысли ХХ века. Включая ставшие уже классическими эссе «Эстетика безмолвия», блестящий анализ языка, мысли и духовности в искусстве, и «Поездка в Ханой», написанное в июне-июле 1968 года по итогам почти месячного пребывания во Вьетнаме. |
| 541 | 1_ | a | Номер заявки | 8132 |
| b | Заявитель | Боклагов Евгений Николаевич | ||
| c | Факультет/Кафедра/Подразделение | Кафедра социологии и гуманитарных наук | ||
| d | Дата заявки | 08.11.2018 | ||
| f | Дисциплина | культурология, эстетика и история искусства | ||
| h | Уровень подготовки | Бакалавриат | ||
| n | Количество экземпляров | 2 | ||
| 650 | 04 | a | Основная рубрика | искусствознание |
| 653 | 0_ | a | Ключевые слова | анализ языка |
| a | Ключевые слова | искусство | ||
| a | Ключевые слова | история искусства | ||
| a | Ключевые слова | история искусствознания | ||
| a | Ключевые слова | кино | ||
| a | Ключевые слова | литература | ||
| a | Ключевые слова | политика | ||
| a | Ключевые слова | художественная критика | ||
| a | Ключевые слова | эстетика | ||
| 700 | 12 | a | Автор | Дубин Б. |
| e | Роль лиц | переводчик | ||
| 700 | 1_ | a | Автор | Кротовская Н. |
| e | Роль лиц | переводчик | ||
| 700 | 1_ | a | Автор | Кулагина-Ярцева В. С. |
| e | Роль лиц | переводчик | ||
| 720 | a | Наименование подборки | К семинарам по культурологии | |
| e | Признак/вид подборки | Тематические подборки | ||
| 900 | a | Имя электронного ресурса | obl_sontag_obrazcy_bezogladnoi_voli | |
| x | Справочная информация | Обложка | ||
| 901 | t | Тип документа | m | |
| 952 | a | Тип литературы для КСУ ВШ | НАУ |